| 000 | 00924cam a2200289Ma 4500 | ||
|---|---|---|---|
| 001 | 86707 | ||
| 005 | 20230410130936.0 | ||
| 008 | 080218s2005 ck g 000 f spa d | ||
| 035 | _a(OCoLC)ocn318399557 | ||
| 040 |
_aZZAND _bspa _cZZAND |
||
| 020 | _a9587042662 | ||
| 020 | _a9789587042665 | ||
| 035 | _a(OCoLC)318399557 | ||
| 082 | 0 | 0 | _a840.4 |
| 049 | _aGRAL | ||
| 050 | 1 | 4 |
_aPQ 8498.32 _bV297t 2005 |
| 100 | 1 |
_aVargas Llosa, Mario, _d1936- |
|
| 245 | 1 | 3 |
_aLa tentación de lo imposible : _bVictor Hugo y los Miserables / _cMario Vargas Llosa. |
| 260 |
_aBogotá, Colombia : _bAlfaguara, _c2005. |
||
| 300 |
_a223 p. ; _c24 cm. |
||
| 504 | _aIncluye notas bibliográficas al pie del texto e índice. | ||
| 600 | 1 | 7 |
_aHugo, Victor Marie, _cconde, _d1802-1885 _vCrítica e interpretación. |
| 650 | 1 | 7 |
_aNovela francesa _xHistoria y crítica. |
| 740 | 4 | 2 | _aLos Miserables. |
| 942 |
_2lcc _cbk |
||
| 994 |
_aC0 _bDRFGD |
||
| 999 |
_c83170 _d83170 |
||